Royal House of Thebes Quiz Stats

 Plays Quiz not verified by Sporcle

Challenge
Share
Tweet
Embed
Score 0/19 Timer 10:00
0 Plays Today
Description Answer % Correct
How many of the dragon teeth men became Cadmus' helpersfive
80%
How many great gates of Troy were thereSeven
80%
How many companions were with Laius when he diedfive
80%
Adrastus fled with the broken Argive army to Athens
51.4%
Sister of Antigone who disappearedIsmene
48.6%
Pentheus' mother wasAgave
45.7%
Great-grandson of CadmusLaius
45.7%
Laius was murdered where three roads meet on the way toDelphi
40%
Younger son of OedipusEteocles
40%
Regent after Polyneices resignedCreon
40%
Description Answer % Correct
Sons of the Seve champions are called Epigoni
37.1%
The area around the place Thebes was founded was calledBoeotia
34.3%
Who was the mother of MelicertesIno
34.3%
Cadmus and Harmonia got changed into serpents when they reachedIllyria
28.6%
What did her name later get changed to Leucothea
22.9%
Oedipus and Antigone settled hereColonus
22.9%
Mother of theseusAethra
22.9%
Creon's younger sonMenoeceus
17.1%
Wife of one of the seven of thebes who was of mighty wealth yet always humbleEvadne
14.3%

You're not logged in!

Compare scores with friends on all Sporcle quizzes.
Join for Free
OR
Log In

You Might Also Like...

Show Comments

Extras

Created May 8, 2011ReportNominate
Tags:description, house, royal

Top Quizzes Today


Score Distribution

Your Account Isn't Verified!

In order to create a playlist on Sporcle, you need to verify the email address you used during registration. Go to your Sporcle Settings to finish the process.

Report this User

Report this user for behavior that violates our Community Guidelines.

Details: